| 000 | 01282nam a2200217Ia 4500 | ||
|---|---|---|---|
| 003 | Ost | ||
| 005 | 20260507075340.0 | ||
| 008 | 260507s9999||||xx |||||||||||||| ||und|| | ||
| 020 | _a23749999579 | ||
| 040 | _cfsecg | ||
| 041 | _aara | ||
| 082 | _a330 | ||
| 100 |
_aعاطف، زاهر عبد الرحيم _eمؤلف |
||
| 245 | 0 |
_aالهيكل التنظيمي للمنظمة : _bالهندرة / _c زاهر عبد الرحيم عاطف |
|
| 260 |
_aعمان: _bدار الراية, _c2011 |
||
| 300 |
_a292 صفحة؛ _bإيضاحات ؛ _c25 سم |
||
| 520 | _aالهيكل التنظيمي للمنظمة و هندرة نظم العمل في المنظمات و تصميم المنظمة و استراتيجيتها و الفاعلية التنظيمية و حجم المنظمة و دورة حياتها و نظرية تحليل المنظمات و الاتصال في المنظمات ، السلوك التنظيمي و التغيير التنظيمي و إدارة التقنية و ادارة المعلومات في المنظمة ، المنظمات الدولية و أساليب تصميم المنظمات و علاقته بالولاء التنظيمي | ||
| 653 | _aإدارة الاعمال | ||
| 653 | _aالمنظمات الدولية | ||
| 942 | _cكتاب | ||
| 999 |
_c44086 _d44086 |
||